Inrilche Gedichte

Salvato in:
Dettagli Bibliografici
Autore principale: Goethes
Natura: Libro
Lingua:Undetermined
Pubblicazione: Leipzig, Alemania Martigs Berlag Frnft Hoppe 1896
Soggetti:
Tags: Aggiungi Tag
Nessun Tag, puoi essere il primo ad aggiungerne!!

MARC

LEADER 00000nam a2200000Ia 4500
008 170316s9999 xx 000 0 und d
040 |a cru BVZT 
090 |a 830 G-4i 
100 |a Goethes 
245 |a Inrilche Gedichte 
260 |a Leipzig, Alemania 
260 |b Martigs Berlag Frnft Hoppe 
260 |c 1896 
300 |a 220 páginas 
650 |a LITERATURA ALEMANA 
650 |a EN IDIOMA ALEMÁN 
999 |c 7328  |d 7328 
942 |c 15 D  |h 830 G-4i  |2 z